书目信息 |
| 题名: |
碎金词谱
|
|
| 作者: | 王光圻 , 罗成 编译 | |
| 分册: | ||
| 出版信息: | 北京 中国广播电视出版社 2021.11 |
|
| 页数: | 544页 | |
| 开本: | 29cm | |
| 丛书名: | ||
| 单 册: | ||
| 中图分类: | J609.22 | |
| 科图分类: | ||
| 主题词: | 音乐--艺术理论 , 音乐学 , 音乐社会学 | |
| 电子资源: | ||
| ISBN: | 7-5043-8684-7 | |
| 000 | 00726nam0 2200241 450 | |
| 001 | 2234675405 | |
| 005 | 20220831094432.25 | |
| 010 | @a7-5043-8684-7@dCNY180.00 | |
| 100 | @a20220831d2021 km y0chiy0120 ea | |
| 101 | 0 | @achi |
| 102 | @aCN@b110000 | |
| 200 | 1 | @a碎金词谱@ASui Jin Ci Pu@e简谱今译@f王光圻,罗成编译@FWang Guang Qi,Luo Cheng Bian Yi |
| 210 | @a北京@c中国广播电视出版社@d2021.11 | |
| 215 | @a544页@d29cm | |
| 517 | 1 | @a简谱今译@AJian Pu Jin Yi |
| 606 | 0 | @a音乐@x艺术理论 |
| 606 | 0 | @a音乐学 |
| 606 | 0 | @a音乐社会学 |
| 690 | @aJ609.22@v4 | |
| 701 | 0 | @a王光圻@AWang Guang Qi@4编译 |
| 701 | 0 | @a罗成@ALuo Cheng@4编译 |
| 801 | 0 | @aCN@b大连网信软件有限公司图书馆·11@c20220831 |
| 905 | @aZUCC@dJ609.22@e1451 | |
| 碎金词谱:简谱今译/王光圻,罗成编译.-北京:中国广播电视出版社,2021.11 |
| 544页;29cm |
| ISBN 7-5043-8684-7:CNY180.00 |
| ● |
| 相关链接 |
|
|
|
|
正题名:碎金词谱
索取号:J609.22/1451
 
预约/预借
| 序号 | 登录号 | 条形码 | 馆藏地/架位号 | 状态 | 备注 |
| 1 | 1055553 | 210555530 | 第一样本阅览室/ [索取号:J609.22/1451] | 在馆 |